Made in india / (Record no. 352952)
[ view plain ]
| 000 -LEADER | |
|---|---|
| fixed length control field | 02059 a2200265 4500 |
| 003 - CONTROL NUMBER IDENTIFIER | |
| control field | OSt |
| 005 - DATE AND TIME OF LATEST TRANSACTION | |
| control field | 20180116192351.0 |
| 008 - FIXED-LENGTH DATA ELEMENTS--GENERAL INFORMATION | |
| fixed length control field | 120605t 2007xxu||||| |||| 00| 0 eng d |
| 020 ## - INTERNATIONAL STANDARD BOOK NUMBER | |
| International Standard Book Number | 0470034769 (paperback) |
| 020 ## - INTERNATIONAL STANDARD BOOK NUMBER | |
| International Standard Book Number | 9780470034767 (paperback) |
| 040 ## - CATALOGING SOURCE | |
| Transcribing agency | 0 |
| 082 04 - DEWEY DECIMAL CLASSIFICATION NUMBER | |
| Classification number | 720.954 |
| 245 10 - TITLE STATEMENT | |
| Title | Made in india / |
| Statement of responsibility, etc. | Kazi Ashraf. |
| 260 ## - PUBLICATION, DISTRIBUTION, ETC. | |
| Place of publication, distribution, etc. | London : |
| Name of publisher, distributor, etc. | Wiley, |
| Date of publication, distribution, etc. | 2007. |
| 300 ## - PHYSICAL DESCRIPTION | |
| Extent | 160 p. : |
| Other physical details | ill; |
| Dimensions | 28 cm. |
| 490 1# - SERIES STATEMENT | |
| Series statement | Architectural design. |
| 520 ## - SUMMARY, ETC. | |
| Summary, etc. | Made in India Guest-edited by Kazi K Ashraf The architectural and urban landscape of India is being remade in unexpected and exuberant ways. New economic growth, the infiltration of global media and technologies, and the transnational reach of the diasporic Indian have unleashed a new cultural and social dynamic. While the dynamic is most explicit and visible in the context of the Indian city, a different set of transformations is taking place in the rural milieu. Yet, as the political writer Sunil Khilnani notes, the world's sense of India, of what it stands for and what it wishes to become, seems as confused and divided today as is India's own sense of itself. It is a challenge, in these conditions, to explore how the deeply entrenched histories and traditions of India are being reimagined, and how questions of the extraordinary diversity of India are being reinterpreted in its architectural and urban landscape. AD traces this compelling story through the writings of Prem Chandavarkar, Sunil Khilnani, Anupama Kundoo, Reinhold Martin, Michael Sorkin, Anuradha Mathur and Dilip da Cunha, and others, as well as through the work of some 25 practices currently producing work on the Indian subcontinent. |
| 650 10 - SUBJECT ADDED ENTRY--TOPICAL TERM | |
| Topical term or geographic name entry element | Architecture and society |
| 9 (RLIN) | 3793 |
| 650 10 - SUBJECT ADDED ENTRY--TOPICAL TERM | |
| Topical term or geographic name entry element | Architecture |
| Geographic subdivision | India |
| 9 (RLIN) | 3794 |
| 700 1# - ADDED ENTRY--PERSONAL NAME | |
| Personal name | Ashraf, Kazi. |
| 9 (RLIN) | 3795 |
| 830 #0 - SERIES ADDED ENTRY--UNIFORM TITLE | |
| Uniform title | Architectural design. |
| 9 (RLIN) | 3796 |
| 856 40 - ELECTRONIC LOCATION AND ACCESS | |
| Materials specified | Amazon.com |
| Uniform Resource Identifier | <a href="http://www.amazon.com/exec/obidos/ASIN/0470034769/chopaconline-20">http://www.amazon.com/exec/obidos/ASIN/0470034769/chopaconline-20</a> |
| 942 ## - ADDED ENTRY ELEMENTS (KOHA) | |
| Institution code [OBSOLETE] | SADA |
| Koha item type | Book |
| Call number prefix | 720.954 MAD 2007 |
| Source of classification or shelving scheme | |
| Withdrawn status | Lost status | Source of classification or shelving scheme | Damaged status | Not for loan | Permanent Location | Current Location | Date acquired | Total Checkouts | Full call number | Barcode | Date last seen | Date last checked out | Cost, replacement price | Price effective from | Koha item type |
|---|---|---|---|---|---|---|---|---|---|---|---|---|---|---|---|
| School of Art Design and Architecture (SADA) | School of Art Design and Architecture (SADA) | 05/23/2011 | 3 | 720.954 MAD 2007 | SADA0001078 | 05/15/2015 | 04/23/2015 | 2653.00 | 08/05/2011 | Book |
